Größte Metropolregionen Vereinigtes Königreich - Statistiken

Allgemein
  • Dieses Quiz wurde 21 mal gespielt
  • Das Durchschnittsergebnis liegt bei 11 aus 15
Antwortstatistiken
Einwohner Antwort % Korrekt
3.060.000 Birmingham-Wolverhampton
100%
14.400.000 London
100%
3.030.000 Greater Manchester
95%
1.680.000 Liverpool-Birkenhead
90%
910.000 Edinburgh
81%
1.690.000 Glasgow
81%
2.180.000 Leeds-Bradford
71%
700.000 Greater Belfast
67%
1.480.000 Sheffield-Doncaster
67%
1.340.000 Newcastle upon Tyne-Sunderland
62%
830.000 Bristol-Bath
57%
1.090.000 Cardiff-Newport
57%
1.360.000 Nottingham-Derby
52%
1.140.000 Portsmouth-Southampton
52%
470.000 Brighton and Hove
38%
Keine übereinstimmenden Quizze gefunden
Verteilung der Resultate
Anzahl Personen mit jedem Resultat
Perzentil nach korrekt beantworteten Fragen
Ihre Resultats-Entwicklung
Sie haben dieses Quiz noch nicht gespielt